| 000 | 00445nam a22001817a 4500 | ||
|---|---|---|---|
| 003 | CEME | ||
| 005 | 20210628203019.0 | ||
| 008 | 210128b xxu||||| |||| 00| 0 eng d | ||
| 020 | _a9780143028574 | ||
| 040 | _c. | ||
| 082 | _a823.914 ROY | ||
| 100 |
_aRoy. Arundhati _912936 |
||
| 245 | _aThe god of small things | ||
| 260 |
_aNEW DELHI _bROUTELDGE _c2002 |
||
| 300 | _a339P | ||
| 650 |
_aSAD STORY.ENGLISH NOVEL _962861 |
||
| 942 |
_cBK _2ddc |
||
| 999 |
_c571827 _d571827 |
||